Vấn đề kiểm soát các công ti bảo hiểm [ của Việt Nam Cộng Hòa ]
Zapisane w:
| 1. autor: | |
|---|---|
| Format: | Książka |
| Język: | Undetermined |
| Wydane: |
Sài Gòn
Học viện Quốc Gia Hành Chánh
1969
|
| Hasła przedmiotowe: | |
| Etykiety: |
Dodaj etykietę
Nie ma etykietki, Dołącz pierwszą etykiete!
|
| Thư viện lưu trữ: | Trung tâm Học liệu Trường Đại học Cần Thơ |
|---|
| LEADER | 00641nam a2200181Ia 4500 | ||
|---|---|---|---|
| 001 | CTU_26499 | ||
| 008 | 210402s9999 xx 000 0 und d | ||
| 082 | |a 346.086 | ||
| 082 | |b Ch125 | ||
| 100 | |a Bùi Châu | ||
| 245 | 0 | |a Vấn đề kiểm soát các công ti bảo hiểm [ của Việt Nam Cộng Hòa ] | |
| 245 | 0 | |c Bùi Châu | |
| 260 | |a Sài Gòn | ||
| 260 | |b Học viện Quốc Gia Hành Chánh | ||
| 260 | |c 1969 | ||
| 650 | |a insurance,insurance companies,social problems,social service | ||
| 904 | |i Nguyễn Quang Điền, 981013 | ||
| 980 | |a Trung tâm Học liệu Trường Đại học Cần Thơ | ||